| 000 | 00000nas 2200000za 4500 |
| 001 | 9.851553 |
| 003 | CaOODSP |
| 005 | 20221107154414 |
| 007 | cr ||||||||||| |
| 008 | 180209d19261947oncar p oss f0###a0eng|d |
| 022 | |y0827-0015 |
| 040 | |aCaOODSP|beng |
| 043 | |an-cn--- |
| 086 | 1 |aCS34-204E-PDF |
| 245 | 00|aReport on the cotton & jute bag industry in Canada |h[electronic resource]. |
| 246 | 13|aReport on the cotton and jute bag industry in Canada |
| 246 | 16|aCotton and jute bag industry in Canada |
| 260 | |aOttawa : |bDominion Bureau of Statistics, |c1928-1949. |
| 310 | |aAnnual |
| 362 | 1 |aBegan with 1924/1925/1926 ; ceased with 1947. |
| 490 | 0 |aCensus of Industry |
| 500 | |aTitle from cover. |
| 500 | |aDigitized edition from print [produced by Statistics Canada]. |
| 515 | |aIssues for 1924, 1925, 1926 published together. |
| 550 | |aIssued 1934-1944 by General Manufactures Branch; 1945-1946 by General Manufacturing Statistics; 1947 by General Manufactures Section. |
| 692 | 07|2gccst|aTextile industry |
| 710 | 1 |aCanada. |bDominion Bureau of Statistics. |
| 710 | 1 |aCanada. |bCensus of Industry. |bGeneral Manufactures Branch. |
| 710 | 1 |aCanada. |bDominion Bureau of Statistics. |bGeneral Manufactures Section. |
| 710 | 1 |aCanada.|bCensus of Industry.|bGeneral Manufacturing Statistics. |
| 785 | 00|tThe cotton and jute bag industry |w(CaOODSP)9.851558 |